[Event "Lidums Checkmate Op"]
[Site "Adelaide"]
[Date "2007.07.08"]
[Round "7.15"]
[White "Ajith, Chol Solomon"]
[Black "Saint, Andrew"]
[Result "0-1"]
[Annotator "Fritz 10"]
[BlackElo "1934"]
[EventCountry "AUS"]
[EventDate "2007.07.07"]
[EventRounds "7"]
[EventType "swiss"]
[PlyCount "44"]
[WhiteElo "1430"]

{ B01: Scandinavian Defence } 1. e4 d5 2. exd5 Nf6 3. Bb5+ Bd7 4. Bc4 Bg4 5. f3
Bf5 6. Nc3 c6 7. dxc6 Nxc6 8. d3 Qb6 $146 ( 8... e6 9. Be3 ( 9. Bf4 Bd6 10. Be3
O-O 11. Nge2 Qc7 12. Ng3 Bxg3+ 13. hxg3 Qxg3+ 14. Bf2 Qxg2 15. Rg1 Qh2 16. Qd2
Qe5+ 17. Kd1 Bg6 18. Rg5 Qh2 19. Rg1 Qh5 20. Qe3 Ne5 21. Bb5 Nxf3 22. Rg3 Nd4+
23. Kd2 Nf5 { Brekalo,T-Runjic,B/Split 2006/CBM 112 ext/0-1}  )9... a6 10. Nge2
Bd6 11. Qd2 Na5 12. Bb3 Nxb3 13. axb3 Bb4 14. Bg5 h6 15. Bxf6 Qxf6 16. Qf4 Qe7
17. O-O-O O-O 18. g4 Bh7 19. h4 Rac8 20. Ne4 e5 21. Qe3 Qc7 22. N4c3 a5 23. f4
{ Saenger,T  ( 1997 ) -Walke,G  ( 1747 ) /Bad Woerishofen 2001/CBM 081 ext/1-0 
( 42 )}  )( 8... e5 9. Be3 ( 9. Nge2 Bc5 10. Bg5 O-O 11. Qd2 Qd6 12. Nb5 Qe7
13. a3 Rfd8 14. Nbc3 Nd4 15. O-O-O Rac8 16. Nd5 Qd6 17. Bxf6 gxf6 18. Nxd4 Bxd4
19. g4 Bg6 20. h4 e4 21. h5 exd3 22. Bb3 Rxc2+ 23. Bxc2 dxc2 { Megias
Gonzalez,J-Casero Alcaniz,P  ( 2099 ) /Valencia 2003/CBM 096 ext/0-1}  )9...
Nd4 10. Qd2 Bc5 11. Bb3 Bb4 12. Nge2 b5 13. Bxd4 exd4 14. Qf4 dxc3 15. Qxb4
cxb2 16. Qxb5+ Bd7 17. Qe5+ Qe7 18. Qxe7+ Kxe7 19. Rb1 Rab8 20. Kd2 a5 21. Nc3
Rhc8 22. a4 Be6 23. Rhe1 { Mirzoeva,E  ( 2010 ) -Kazarova,I  ( 2225 ) /Moscow
1996/CBM 056 ext/1/2-1/2  ( 32 )}  )9. Nge2 e5 ( 9... e6 $5 $11)10. Ng3 { White
threatens to win material: Ng3xf5}  10... Bg6 11. Bb3 { Black has a very active
position}  11... O-O-O { Black castles and improves king safety}  12. Qe2 {
Black has a very active position}  ( 12. Nge4 $5 $14 { has some apparent merit}
)12... Nd4 $11 { Black threatens to win material: Nd4xe2}  13. Qd1 ( 13. Qxe5
$4 { the pawn is something White will choke on}  13... Re8 14. Qxe8+ Nxe8 $19
)13... Bb4 14. Bd2 Rhe8 { Black has a very active position}  15. Na4 Bxd2+ (
15... Qa5 16. Bxb4 Qxb4+ 17. Qd2 $11 )16. Qxd2 $14 { White has a cramped
position}  16... Qc6 17. O-O e4 ( 17... h5 18. Qf2 $14 )18. fxe4 $16 Bxe4 (
18... Nxe4 $142 19. Nxe4 Rxe4 $16 )19. Nxe4 $4 { spoils everything}  ( 19. Bxf7
$142 { White has the better game}  19... Rf8 20. Bb3 $18 ( 20. Nxe4 $143 Rxf7
21. Nac3 Qb6 $16 ))19... Nxe4 $19 20. Qa5 $4 { White has lost his nerve...
understandable when you consider his position}  ( 20. dxe4 $142 Nxb3 21. Qf2
Nxa1 22. Nc3 $19 )20... Ne2+ 21. Kh1 N4g3+ $1 { Mate attack}  22. hxg3 ( 22.
hxg3 Qh6+ { Mate attack}  )( 22. -- -- { Mate attack}  )22... Qh6+ ( 22... Qh6+
23. Qh5 Qxh5# ) 0-1

[Event "Lidums Checkmate Op"]
[Site "Adelaide"]
[Date "2007.07.08"]
[Round "7.16"]
[White "Peake, Michael"]
[Black "Sykes, Alexander"]
[Result "1/2-1/2"]
[Annotator "Fritz 10"]
[BlackElo "1930"]
[EventCountry "AUS"]
[EventDate "2007.07.07"]
[EventRounds "7"]
[EventType "swiss"]
[PlyCount "58"]
[WhiteElo "1774"]

{ B47: Sicilian: Taimanov: 5 Nc3 Qc7 6 f4, 6 g3 and 6 Be2 } 1. e4 c5 2. Nf3 e6
3. d4 cxd4 4. Nxd4 Nc6 5. Nc3 Qc7 6. Nf3 ( 6. Bg5 a6 7. Qd2 Ne5 8. f4 Nc4 9.
Bxc4 Qxc4 10. O-O-O Bb4 11. Nde2 f6 12. Bh4 Nh6 13. g4 O-O 14. g5 fxg5 15. Bxg5
Nf7 16. Bh4 Nd6 17. Qe3 Rf7 18. Kb1 Nb5 19. Rd3 Nxc3+ 20. Nxc3 b5 { Milos,G  (
2560 ) -Granda Zuniga,J  ( 2590 ) /Buenos Aires 1993/CBM 035/1/2-1/2  ( 54 )} 
)( 6. Ndb5 Qd8 7. Be3 b6 8. f4 d6 9. Qf3 a6 10. Nd4 Nxd4 11. Bxd4 e5 12. Be3
Nf6 13. Bc4 Qc7 14. Bb3 Bb7 15. O-O-O Be7 16. g4 exf4 17. Bxf4 O-O 18. g5 Nd7
19. h4 Ne5 20. Bxe5 dxe5 { Rizouk,A  ( 2457 ) -Bellon Lopez,J  ( 2428 )
/Campillos 2005/CBM 104 ext/1-0  ( 50 )}  )6... a6 7. Bd3 $146 { Black's piece
can't move: c8}  ( 7. a4 Nf6 8. Bd3 Be7 9. O-O d6 10. h3 Bd7 11. Be3 Rc8 12.
Qe2 O-O 13. Rfd1 Nb4 14. Rac1 e5 15. Nd2 Be6 16. f4 exf4 17. Bxf4 Nxd3 18. Qxd3
Qb6+ 19. Kh1 Qxb2 20. Ne2 d5 21. e5 Nd7 { Laitinen,L  ( 1885 ) -Fischdick,G  (
2290 ) /Oslo 1983/MCD/0-1  ( 42 )}  )7... Na5 ( 7... Be7 $5 $14)8. O-O b5 (
8... Nc6 9. Be3 $16 )9. a3 ( 9. Ne2 d6 $16 )9... Bb7 10. Bd2 ( 10. Re1 $5
$16)10... Nc4 $14 11. Bxc4 Qxc4 12. Re1 Nf6 { e4 seems the pivot of the
position. Black threatens to win material: Nf6xe4. Black is behind in
development.}  ( 12... d6 13. Bf4 $11 )13. b3 { White threatens to win
material: b3xc4}  13... Qc7 14. e5 Nd5 15. Nxd5 Bxd5 16. Bf4 Rc8 17. Nd4 Qb7 (
17... Bc5 $11)18. f3 { Controls e4}  ( 18. Qg4 $5 $14 { is worthy of
consideration} )18... Be7 19. Kh1 O-O 20. a4 ( 20. Qd3 $5 $15)20... b4 $17 21.
Qe2 ( 21. Qd2 $17)21... Rc7 ( 21... f6 $5 $19)22. Rac1 ( 22. Qf2 Bc5 23. Rad1
Rcc8 $15 )22... Rfc8 ( 22... Rc3 23. Bd2 Rcc8 24. c4 bxc3 25. Rxc3 $17 )23. Qd2
Rc3 24. Re3 ( 24. Ne2 R3c5 25. Be3 $15 )24... R3c7 25. c4 ( 25. Ree1 $5 $11
$142 { and White can hope to live} )25... bxc3 $17 26. Rexc3 h5 ( 26... Rxc3 $5
27. Rxc3 Rxc3 28. Qxc3 f6 29. exf6 Bxf6 $17 )27. Rxc7 ( 27. Nf5 Bf8 28. Nh6+
gxh6 29. Bxh6 Rxc3 30. Rxc3 Bxh6 31. Qxh6 Rxc3 32. Qg5+ Kf8 33. Qd8+ Kg7 34.
Qg5+ Kf8 35. Qd8+ Kg7 36. Qg5+ Kf8 $11 )27... Rxc7 $17 28. Rxc7 Qxc7 29. h3 Kf8
 1/2-1/2

[Event "Lidums Checkmate Op"]
[Site "Adelaide"]
[Date "2007.07.08"]
[Round "7.17"]
[White "Hoile, Robert"]
[Black "Cloudsdale, Colin"]
[Result "1/2-1/2"]
[Annotator "Fritz 10"]
[BlackElo "1929"]
[EventCountry "AUS"]
[EventDate "2007.07.07"]
[EventRounds "7"]
[EventType "swiss"]
[PlyCount "75"]
[WhiteElo "1904"]

{ E38: Nimzo-Indian: Classical: 4...c5 } 1. d4 Nf6 2. c4 e6 3. Nc3 Bb4 4. Qc2 c5
5. dxc5 Na6 6. a3 Bxc3+ 7. Qxc3 Nxc5 8. b4 Nce4 9. Qc2 d5 10. f3 Nd6 11. c5 Nf5
12. e4 $146 ( 12. e3 e5 ( 12... Qc7 13. Bb5+ ( 13. Rb1 e5 14. g4 Ne7 15. Bb2
O-O 16. Ne2 Be6 17. Ng3 Rad8 18. Be2 Ne8 19. O-O f6 20. Rbc1 a6 21. f4 Nc6 22.
Bd3 e4 23. Be2 Qe7 24. Rcd1 Nc7 25. Qb1 Rd7 26. Rd2 Rfd8 27. Rfd1 Kf8 { Leyva,H
 ( 2275 ) -Moran,A  ( 2375 ) /Matanzas 1992/TD/1/2-1/2  ( 72 )}  ) 13... Bd7
14. Bxd7+ Nxd7 15. Ne2 Qe5 16. Qc3 O-O 17. Qxe5 Nxe5 18. Nd4 Ne7 19. O-O Nc4
20. Rd1 a5 21. bxa5 Rxa5 22. Rb1 Rxc5 23. Rxb7 Ng6 24. Bd2 Nxd2 25. Rxd2 Rc3
26. Rb3 Rxb3 27. Nxb3 { Savva,P  ( 2064 ) -Arosemena,J  ( 2206 ) /Turin
2006/CBM 113/1/2-1/2  ( 48 )}  )13. Bb5+ Kf8 14. Ne2 a5 ( 14... h5 15. O-O Be6
16. Bd3 Qd7 17. Rd1 h4 18. e4 Ne7 19. f4 dxe4 20. Bxe4 Bd5 21. Bxd5 Nfxd5 22.
Nc3 h3 23. Nxd5 Nxd5 24. g3 exf4 25. Bxf4 Qe6 26. Re1 Qc6 27. Bd6+ Kg8 28. Re5
Nf6 29. Qe2 { Shariyazdanov,A  ( 2532 ) -Akopian,V  ( 2680 ) /Moscow 2002/CBM
088/0-1  ( 35 )}  )( 14... e4 15. O-O h5 16. fxe4 dxe4 17. c6 Nd6 18. Bb2 Nxb5
19. Qc5+ Qd6 20. Qxb5 Ng4 21. Ng3 bxc6 22. Qg5 f6 23. Rad1 Qe7 24. Nxh5 Be6 25.
h3 Nxe3 26. Bxf6 gxf6 27. Rxf6+ { 1-0 Ivanov,S  ( 2515 ) -Aseev,K  ( 2560 ) /St
Petersburg 1996/CBM 056}  )15. Rb1 axb4 16. axb4 h5 17. O-O h4 18. Rd1 Qc7 19.
e4 Ne7 20. Bg5 d4 21. f4 Rh5 22. fxe5 Rxg5 23. exf6 Ng6 24. Nxd4 Bh3 25. Rd2
Nf4 26. Nf3 Rxg2+ { Budovic,E  ( 2200 ) -Kosikov,A  ( 2395 ) /Beltsy
1979/MCD/1/2-1/2  ( 32 )}  )12... dxe4 13. fxe4 Qd4 { Black threatens to win
material: Qd4xa1}  14. Bb2 ( 14. Bb5+ Kf8 15. exf5 Qxa1 $14 )14... Qxe4+ (
14... Qe3+ $5 { should be investigated more closely}  15. Qe2 Nxe4 $11 )15.
Qxe4 $14 Nxe4 { Black has a new protected passed pawn: e6}  16. Bd3 Nf6 17.
Bxf5 exf5 18. Bxf6 gxf6 19. Ne2 Be6 20. Rd1 { Traps the king in the center} 
20... Rd8 21. Rxd8+ ( 21. Nd4 Rd5 $16 )21... Kxd8 $14 22. Kf2 Ke7 ( 22... Kc8
23. Nc3 $11 )23. Rd1 $16 Rc8 24. Nf4 ( 24. Nd4 $5 $16)24... b6 $11 25. cxb6 ( {
Inferior is } 25. Nxe6 fxe6 26. cxb6 axb6 $17 )25... axb6 26. Nd5+ Bxd5 27.
Rxd5 { A rook endgame occured}  27... Ke6 { Black threatens to win material:
Ke6xd5}  28. Rd3 ( 28. Rb5 Rc2+ 29. Kf3 Rc3+ 30. Kf4 Rc4+ 31. Ke3 Rc3+ 32. Kd4
Rxa3 33. Rxb6+ Ke7 34. Rb7+ Ke6 35. Rb6+ Ke7 $11 )28... f4 29. Kf3 { White
threatens to win material: Kf3xf4}  29... Ke5 30. Rb3 ( 30. a4 Rc4 $11 )30...
Rc4 ( 30... b5 $5 $15)31. a4 $11 Kf5 32. a5 bxa5 33. bxa5 { White has a new
passed pawn: a5.}  33... Ra4 { Black threatens to win material: Ra4xa5}  34.
Rb5+ Kg6 35. Rc5 h5 36. h4 { White has a new backward pawn: g2}  36... Kh6 37.
Rf5 { Attacks the isolani on f4. White threatens to win material: Rf5xf4} 
37... Kg6 38. Rb5  1/2-1/2

[Event "Lidums Checkmate Op"]
[Site "Adelaide"]
[Date "2007.07.08"]
[Round "7.18"]
[White "Rigo, Bernard"]
[Black "Brown, Andrew"]
[Result "1-0"]
[Annotator "Fritz 10"]
[BlackElo "1915"]
[EventCountry "AUS"]
[EventDate "2007.07.07"]
[EventRounds "7"]
[EventType "swiss"]
[PlyCount "75"]
[WhiteElo "1827"]

{ B33: Sicilian: Pelikan and Sveshnikov Variations } 1. e4 c5 2. Nf3 Nc6 3. d4
cxd4 4. Nxd4 Nf6 5. Nc3 e5 6. Ndb5 d6 7. Bg5 a6 8. Na3 b5 9. Nd5 Be7 10. Nxe7
Qxe7 11. c4 b4 12. Nc2 Be6 ( 12... O-O 13. Bd3 h6 14. Bh4 Be6 15. f3 ( 15. Qd2
a5 16. O-O Rfe8 17. b3 Rac8 18. Rad1 Nxe4 19. Bxe4 Qxh4 20. Bf3 Red8 21. a3
bxa3 22. Nxa3 Nd4 23. Qe3 Nxf3+ 24. gxf3 Bh3 25. Rfe1 f5 26. Kh1 f4 27. Qe2 Bf5
28. Nb5 Rc6 29. Qd2 Qh3 { Galka,K-Malec,R/Ostroda 2006/CBM 113 ext/0-1  ( 63 )}
 )15... a5 16. O-O g5 17. Bf2 Nd7 18. Re1 Nc5 19. Bf1 b3 20. axb3 Nxb3 21. Ra3
Rfb8 22. Ne3 Ncd4 23. Bd3 Rb7 24. Nf5 Bxf5 25. exf5 Rab8 26. g4 Rb4 27. Be3 {
Vovk,Y  ( 2435 ) -Moroz,A  ( 2487 ) /Pardubice 2005/CBM 107 ext/0-1  ( 45 )} 
)13. Bd3 $146 ( 13. Qf3 h6 14. Bxf6 Qxf6 15. Qxf6 gxf6 16. Bd3 Rg8 17. g3 Ke7
18. f3 a5 19. Kf2 a4 20. b3 Rgb8 21. Rhb1 Rb7 22. g4 Rba7 23. Ke3 axb3 24. axb3
Rxa1 25. Rxa1 Rxa1 26. Nxa1 Nd4 27. Bc2 Kf8 { Raphael,J  ( 2220 ) -Mukabi,J  (
2140 ) /Elista 1998/CBM 066 ext/1/2-1/2  ( 37 )}  )13... O-O 14. O-O h6 15.
Bxf6 ( 15. Bd2 $5 $16 $142)15... Qxf6 $11 16. Qd2 Qg5 17. Qxg5 hxg5 18. Rfd1 a5
19. Rd2 a4 20. Rad1 b3 21. axb3 axb3 22. Na3 Nd4 23. Nb5 Nxb5 24. cxb5 { White
has a new passed pawn: b5.}  24... Rfb8 25. Rc1 Ra2 { Menacing}  26. f3 {
Covers g4}  26... Kf8 27. Rc6 { White threatens to win material: Rc6xd6}  27...
Ke7 28. Be2 Rc8 29. Rcxd6 Rc2 30. b6 { He broke from his leash}  30... Bc8 {
Loses material}  ( 30... Raxb2 31. b7 Rxd2 32. Rxe6+ Kxe6 33. b8=Q Rxe2 34.
Qb6+ Ke7 35. Qc7+ Ke8 36. Qc8+ Ke7 37. Qc7+ Ke8 38. Qc8+ Ke7 39. Qc7+ $11 )31.
Rd8 ( 31. Bf1 Ra1 32. Rd1 Rxd1 33. Rxd1 Rxb2 34. Bc4 $16 )31... Rxd2 ( 31...
Raxb2 $5 $142 { would keep Black in the game}  32. b7 Bxb7 33. R8d7+ Ke8 34.
Rd8+ Ke7 35. R8d7+ Ke8 36. Rd8+ Ke7 $11 )32. Rxd2 $16 Ra4 $4 { further
deteriorates the position}  ( 32... Ra8 $142 33. Rd5 f6 $16 )33. Rd5 ( 33. Bb5
{ and White can already relax}  33... Rd4 34. Rxd4 exd4 $18 )33... f6 ( 33...
Ra2 34. Rb5 Rxb2 35. b7 Bxb7 36. Rxb7+ Kd6 37. Bc4 $18 )34. Bb5 Ra1+ ( 34...
Rd4 { doesn't get the cat off the tree}  35. Rxd4 exd4 36. Bc6 $18 )35. Kf2 Rc1
36. b7 $1 { Decoy: b7}  36... Bxb7 37. Rd7+ Kf8 38. Rxb7 ( 38. Rxb7 Rc2+ 39.
Kg3 Rxb2 40. Ba4 $18 ) 1-0

[Event "Lidums Checkmate Op"]
[Site "Adelaide"]
[Date "2007.07.08"]
[Round "7.19"]
[White "Hvistendahl, Robert"]
[Black "Garcia-Blanco, Miguel"]
[Result "1-0"]
[Annotator "Fritz 10"]
[BlackElo "1699"]
[EventCountry "AUS"]
[EventDate "2007.07.07"]
[EventRounds "7"]
[EventType "swiss"]
[PlyCount "69"]
[WhiteElo "1855"]

{ C14: French: Classical System: 4 Bg5 Be7 main line } 1. e4 e6 2. d4 d5 3. Nc3
Nf6 4. Bg5 Be7 5. e5 Nfd7 6. h4 O-O 7. Bd3 f5 8. exf6 ( 8. Nh3 Na6 9. Bxa6 bxa6
10. Na4 Qe8 11. O-O c5 12. Nf4 Qf7 13. c4 dxc4 14. d5 Nxe5 15. d6 Bxg5 16. hxg5
Nd7 17. Nxe6 Qxe6 18. Re1 Qxe1+ 19. Qxe1 Bb7 20. Qe6+ Rf7 21. Re1 Be4 22. f3
Bd3 { Khalifman,A  ( 2545 ) -Ulibin,M  ( 2495 ) /Sochi 1989/CBM 016/1-0}  )( 8.
Nce2 c5 9. c3 h6 10. Bxe7 Qxe7 11. Nf4 Qf7 12. Nge2 g6 13. Qd2 c4 14. Bc2 Re8
15. g4 Nf8 16. O-O-O Nc6 17. Rdg1 Kh8 18. Nxg6+ Qxg6 19. gxf5 Qh5 20. Nf4 Qf7
21. Ng6+ Nxg6 22. Rxg6 Qxg6 { Marra,E  ( 2262 ) -Nascimento,D  ( 2153 )
/Brasilia 2005/CBM 108 ext/1-0  ( 51 )}  )8... Nxf6 9. Nf3 { Black has a
cramped position}  9... Nbd7 $146 ( 9... c5 10. dxc5 Bxc5 11. Qe2 Nc6 12. a3 (
12. O-O-O Bd7 13. Kb1 a6 14. h5 Qe7 15. Nh4 Qf7 16. Bg6 Qe7 17. h6 gxh6 18.
Bxh6 hxg6 19. Nxg6 Qf7 20. Nh8 Qe7 21. Rd3 Bd6 22. f4 Nh7 23. Ng6 Qf6 24. Rg3
Kf7 25. Qh5 Rg8 26. Nf8+ Ke7 { Shabalov,A  ( 2470 ) -Budnikov,A/Leningrad
1989/TD/1-0}  )12... a6 13. O-O-O b5 14. g4 b4 15. axb4 Bxb4 16. Bd2 Qa5 17. g5
Ng4 18. h5 Rb8 19. Rdg1 Qa1+ 20. Nb1 Ba3 21. Bc3 Bxb2+ 22. Kd2 Qa4 23. Nd4 Rxf2
24. Rxg4 { Marjanusic,V  ( 2272 ) -Strangar,Z  ( 2195 ) /Sombor 2004/CBM 102
ext/0-1}  )( 9... c5 $5 $142 { would keep Black alive}  10. dxc5 Bxc5 $11 )10.
Qe2 $16 Nb6 11. Ne5 c5 12. Bxf6 ( 12. dxc5 Nbd7 13. f4 $14 )12... Rxf6 $2 (
12... Bxf6 $142 { is a viable option}  13. dxc5 Nd7 $11 )13. Qh5 $18 Rh6 14.
Qf7+ Kh8 15. Qf3 Rf6 16. Qh5 ( 16. Qxf6 $142 Bxf6 17. Nf7+ Kg8 18. Nxd8 cxd4
19. Nb5 Bxd8 20. Nxd4 $16 )16... g6 $4 ( 16... Qg8 $142 { is just about the
only chance}  17. Ng6+ Rxg6 18. Bxg6 Nd7 $14 )17. Nxg6+ $18 Kg7 ( 17... Rxg6 {
does not improve anything}  18. Bxg6 Qg8 19. Bxh7 Qxh7 20. Qe8+ Qg8 21. Qxe7
cxd4 22. Ne2 $18 )18. Nxe7 Qxe7 19. Qxh7+ ( 19. dxc5 { makes it even easier for
White}  19... Qxc5 20. O-O-O Rf7 21. Qxh7+ Kf8 22. Qh6+ Ke7 23. Qg5+ Kf8 $18
)19... Kf8 20. Qxe7+ ( 20. Qh8+ $142 { and White has reached his goal}  20...
Kf7 21. g4 c4 $18 )20... Kxe7 21. dxc5 Nd7 22. b4 ( 22. Rd1 { seems even
better}  22... Nxc5 23. Be2 b6 $18 )22... a5 23. h5 ( 23. bxa5 { makes it even
easier for White}  23... Nxc5 24. h5 Rxa5 $18 )23... Rh6 $2 ( 23... axb4 $142
24. Ne2 Nxc5 $18 )24. b5 Nxc5 25. Bg6 ( 25. g4 { keeps an even firmer grip} 
25... Bd7 26. g5 Nxd3+ 27. cxd3 Rh7 $18 )25... a4 ( 25... d4 26. Ne2 e5 $18
)26. g4 d4 ( 26... Bd7 { doesn't do any good}  27. g5 Rxg6 28. hxg6 Rg8 $18
)27. Ne4 ( 27. g5 { might be the shorter path}  27... Rh8 28. Ne4 b6 29. Nxc5
bxc5 $18 )27... Nxe4 $4 { terrible, but the game is lost in any case}  ( 27...
Rxg6 $142 28. Nxc5 Rxg4 $18 )28. Bxe4 e5 ( 28... Bd7 { does not save the day} 
29. g5 Rhh8 30. h6 $18 )29. g5 Rh8 30. h6 Bd7 ( 30... Rf8 { a fruitless try to
alter the course of the game}  31. h7 Bf5 32. Bxf5 Rxf5 33. h8=Q Rxh8 34. Rxh8
Rxg5 35. Ke2 $18 )31. g6 Kf6 ( 31... Rag8 { hardly improves anything}  32. Kd2
Bxb5 33. g7 Rxh6 34. Rxh6 Rxg7 35. Rb1 $18 )32. g7 Rhd8 ( 32... Rhg8 { does not
help much}  33. Rg1 Bf5 34. Bxf5 Kxf5 35. O-O-O $18 )33. Kd2 Bxb5 ( 33... Be6 {
cannot change what is in store for ?}  34. Rag1 Rg8 35. Rh5 $18 )34. Rag1 Bc4
35. h7 ( 35. h7 Bxa2 36. Rh6+ Ke7 37. Rb6 $18 ) 1-0

[Event "Lidums Checkmate Op"]
[Site "Adelaide"]
[Date "2007.07.08"]
[Round "7.20"]
[White "Milton, Anthony W"]
[Black "Jackson, Ralph E"]
[Result "0-1"]
[Annotator "Fritz 10"]
[BlackElo "1938"]
[EventCountry "AUS"]
[EventDate "2007.07.07"]
[EventRounds "7"]
[EventType "swiss"]
[PlyCount "109"]
[WhiteElo "1466"]

{ E61: King's Indian: Early deviations for White, including Smyslov System } 1.
d4 g6 2. c4 Bg7 3. Nf3 d6 4. Nc3 Nf6 5. e3 O-O 6. Bd3 Nc6 7. O-O $146 ( 7. a3
e5 8. h3 ( 8. d5 Ne7 9. e4 Bg4 ( 9... Nh5 10. Be2 f5 11. Ng5 Nf6 12. Qd3 h6 13.
Nh3 f4 14. Bd2 Nd7 15. Na4 a6 { 1/2-1/2 Rodrigues,T-Verde,B/Guarapuava
1995/Juniors}  ) 10. h3 Bxf3 11. Qxf3 Nd7 12. Be3 f5 13. Bg5 fxe4 14. Qxe4 Nc5
15. Qe3 Qd7 16. Bxe7 Qxe7 17. O-O-O a6 18. b4 Nxd3+ 19. Rxd3 Qh4 20. Ne4 Bh6 {
0-1 Rakocevic,Z  ( 2146 ) -Kurtanovic,M  ( 2009 ) /Belgrade 2005/CBM 104 ext} 
)8... Re8 9. d5 Ne7 10. Qc2 b6 11. b3 e4 12. Nxe4 Nxe4 13. Bb2 Bxb2 14. Qxb2
Nc5 15. Bc2 Bf5 16. h4 Bxc2 17. Qxc2 Nf5 18. h5 Qf6 19. Rd1 Ne4 20. Rd3 Qa1+
21. Rd1 Qc3+ { Mansoor,M-Smith,A/Dubai 1986/TD/0-1  ( 41 )}  )( 7. h3 e5 8. d5
Nb4 9. Be2 Bf5 10. g4 Be4 11. Nxe4 Nxe4 12. a3 Na6 13. Qc2 f5 14. gxf5 gxf5 15.
Rg1 Kh8 16. b4 c5 17. b5 Nb8 18. Bd3 Qa5+ 19. Kf1 Nd7 20. Nd2 Ndf6 21. Bxe4
fxe4 { Wagner,S-Strubreiter,M/Vienna 2006/CBM 113 ext/1/2-1/2}  )( 7. b3 e5 8.
Bb2 exd4 9. Nxd4 Nxd4 10. exd4 Re8+ 11. Be2 Bg4 12. O-O Bxe2 13. Nxe2 d5 14. c5
Qd7 15. Qd3 a6 16. a4 Re7 17. Ba3 c6 18. Rae1 Rae8 19. Bc1 Nh5 20. f3 f5 21.
Kf2 h6 { Klyszcz,M-Lucas,M/Bargteheide 1989/TD/1/2-1/2  ( 41 )}  )7... e5 8. d5
{ White threatens to win material: d5xc6}  8... Ne7 9. e4 Nh5 10. Bg5 { Black
has a cramped position}  10... h6 { Black threatens to win material: h6xg5} 
11. Be3 { Black has a cramped position}  11... Nf4 12. Bc2 f5 { Trying to
unravel the pawn chain}  ( 12... Bg4 13. h3 Bh5 14. Kh2 $11 )13. Ne2 ( 13. Bxf4
fxe4 14. Bxe5 exf3 15. Bxg7 Kxg7 $14 )13... Nxe2+ 14. Qxe2 f4 { Black threatens
to win material: f4xe3}  15. Bd2 g5 16. Ne1 ( 16. h3 Ng6 $11 )16... Qe8 ( 16...
g4 $5 $15)17. f3 $11 { Controls g4}  17... h5 { Black prepares the advance g4} 
18. c5 { Attacks the pawn chain}  18... g4 { Nimzovich: attack the chain at its
base}  19. cxd6 cxd6 20. Bb4 { White threatens to win material: Bb4xd6}  20...
Qg6 { Black plans g3}  ( 20... Qd8 21. Qd2 $11 )21. Rc1 a5 { Black threatens to
win material: a5xb4}  22. Bc3 Bd7 23. a4 g3 24. h3 { Consolidates g4}  24...
Qe8 25. b3 Qb8 26. Nd3 ( 26. Bd3 Qa7+ 27. Kh1 Rac8 $11 )26... b5 27. Nb2 ( 27.
axb5 $5 $142 { has some apparent merit}  27... Rc8 28. Qd2 $11 )27... b4 $17
28. Bd2 ( 28. Be1 $5 $17)28... Qa7+ $19 29. Kh1 Ng6 ( 29... Bxh3 30. gxh3 Qd7
31. Bd3 $17 )30. Nc4 $2 ( 30. Rg1 $11 $142 { and White hangs on} )30... Rf6 $19
31. Rg1 Nh4 32. Be1 Rg6 33. Bd3 Bxh3 34. gxh3 Qd7 35. Rg2 Qxh3+ 36. Kg1 Qd7 (
36... Qxg2+ $6 37. Qxg2 Nxg2 38. Kxg2 $11 )( { Less advisable is } 36... Nxg2
37. Qxg2 Qd7 38. Bf1 $17 )37. Kf1 $2 ( 37. Kh1 $19 $142)37... Qa7 $4 { an
unfortunate move that relinquishes the win}  ( 37... Nxg2 { seems even better} 
38. Qxg2 Rb8 39. Bf2 $19 )38. Nb2 $4 { throwing away the advantage}  ( 38. Bf2
$142 { would be a reprieve}  38... Qd7 39. Bb6 $11 )38... Nxg2 $19 39. Qxg2 h4
40. Bf2 ( 40. Rc2 Kh7 $19 )40... Qxf2+ 41. Qxf2 gxf2 42. Kxf2 h3 43. Nc4 ( 43.
Rg1 { there is nothing better in the position}  43... Rh6 44. Nd1 $19 )43...
Bf6 44. Rh1 Bh4+ 45. Ke2 Rg2+ 46. Kf1 ( 46. Kd1 { doesn't get the bull off the
ice}  46... h2 47. Bf1 Rg1 48. Rxh2 Bg3 $19 )46... Rf2+ ( 46... Ra7 47. Nxe5
dxe5 48. d6 Rag7 49. Bc4+ Kh8 50. d7 Rf2+ 51. Ke1 Rh2+ 52. Kd1 Rxh1+ 53. Kc2
Rh2+ 54. Kd3 Rg1 55. d8=R+ Bxd8 56. Bd5 Rc1 57. Bc4 Rd1# )47. Kg1 Rxf3 48. Be2
Rg3+ ( 48... Rxb3 $142 { keeps an even firmer grip}  49. Kh2 Kg7 $19 )49. Kf1 (
49. Kh2 { the last chance for counterplay}  49... Ra7 50. Nxd6 Rxb3 51. Bd1 $19
)49... Rxb3 50. Nd2 Rc3 51. Rg1+ Bg3 52. Bd1 Rac8 ( 52... Re3 53. Nf3 Rc8 54.
Rxg3+ fxg3 55. Ng5 Rc1 56. Nxh3 Rxd1+ 57. Kg2 Rd2+ 58. Nf2 gxf2 59. Kf1 Rh3 60.
Kg2 f1=Q+ 61. Kxf1 Rh1# )53. Nb3 Rxb3 $1 { Decoy: d1}  54. Bxb3 ( 54. Bxb3 Rc1+
{ Decoy}  )( 54. -- Re3 { Mate threat}  )54... Rc1+ 55. Ke2  0-1